00225nam a2200085Ia 4500008004100000041000800041100001700049245003100066260004200097231107s2007 xx 000 0 und d aeng aBalchin Judy aHandmade Art Nouveau Cards aGreat BritanbSearch Press Ltd.c2007